[Event "10. Lichtenberger Sommer"]
[Site "Berlin"]
[Date "2011.08.18"]
[Round "6.40"]
[White "Jaeger, Andre"]
[Black "Fartmann, Oliver"]
[Result "0-1"]
[WhiteElo "2044"]
[BlackElo "1845"]
[PlyCount "72"]
[EventDate "2011.??.??"]
[WhiteTeam "SC Rochade e.V."]
[BlackTeam "SG Grün-Weiß Baumschulenweg e.V."]

1. d4 Nf6 2. c4 g6 3. g3 Bg7 4. Bg2 O-O 5. Nc3 d6 6. Nf3 Nbd7 7. O-O e5 8. e4
a6 9. h3 Rb8 10. Bg5 h6 11. Be3 exd4 12. Nxd4 Re8 13. Qc2 c5 14. Nde2 Ne5 15.
b3 b5 16. cxb5 axb5 17. f4 Ned7 18. Rad1 b4 19. Na4 Qe7 20. e5 dxe5 21. Bxc5
Nxc5 22. Qxc5 Ba6 23. Qxe7 Rxe7 24. Rfe1 Rbe8 25. Nc1 Nh5 26. Bc6 Rc8 27. Rd6
Rec7 28. Nb6 Bf8 29. fxe5 Bxd6 30. exd6 Rxc6 31. Nxc8 Bxc8 32. Re8+ Kg7 33. Ne2
Bxh3 34. Rb8 Rxd6 35. Rxb4 Rd2 36. Kf2 Rxa2 0-1

[Event "10. Lichtenberger Sommer"]
[Site "Berlin"]
[Date "2011.08.18"]
[Round "6.41"]
[White "Richter, Goetz"]
[Black "Ritter, Uwe"]
[Result "1-0"]
[WhiteElo "2045"]
[BlackElo "1733"]
[PlyCount "55"]
[EventDate "2011.??.??"]
[WhiteTeam "Klub Kölner Schachfreunde e.V. 1"]
[BlackTeam "Reideburger SV 90 Halle"]

1. e4 e6 2. d4 d5 3. Nc3 dxe4 4. Nxe4 Be7 5. Nf3 Nf6 6. Bd3 Bd7 7. Qe2 Bc6 8.
Bf4 Bxe4 9. Bxe4 Nxe4 10. Qxe4 Nc6 11. O-O-O O-O 12. Kb1 Bd6 13. Ng5 g6 14. h4
Bxf4 15. Qxf4 Qd5 16. h5 h6 17. Ne4 g5 18. Nf6+ Kg7 19. Nxd5 gxf4 20. Nxf4 e5
21. dxe5 Nxe5 22. Rh3 Rad8 23. Rg3+ Kh8 24. Re1 Rd2 25. Rge3 Rfd8 26. b3 Rxf2
27. Nh3 Ng4 28. Nxf2 1-0

[Event "10. Lichtenberger Sommer"]
[Site "Berlin"]
[Date "2011.08.18"]
[Round "6.42"]
[White "Stiefel, Roland"]
[Black "Schmalzried, Volker"]
[Result "1-0"]
[WhiteElo "2064"]
[BlackElo "1870"]
[PlyCount "175"]
[EventDate "2011.??.??"]
[WhiteTeam "SSV Vimaria 91 Weimar"]
[BlackTeam "Umweltbundesamt (FV Schach)"]

1. Nc3 c5 2. Nf3 Nc6 3. d4 cxd4 4. Nxd4 g6 5. Be3 Bg7 6. Nxc6 bxc6 7. Bd4 Nf6
8. e4 O-O 9. Be2 d5 10. exd5 Nxd5 11. Bxg7 Kxg7 12. Qd4+ Kg8 13. O-O Rb8 14. a3
Bf5 15. Rfc1 Qc7 16. b4 Rfd8 17. Qc4 Qe5 18. Na4 Nf4 19. Bf3 Rd2 20. Re1 Qd6
21. Rac1 Be6 22. Qc3 Bf5 23. Nc5 a5 24. Nb3 Rd5 25. Bxd5 cxd5 26. Nc5 d4 27.
Qd2 e5 28. c3 axb4 29. axb4 d3 30. Rcd1 Qc6 31. f3 Re8 32. Ne4 Bxe4 33. Rxe4
Ne2+ 34. Rxe2 dxe2 35. Qxe2 Qxc3 36. Rb1 Qd4+ 37. Kf1 e4 38. Qb5 Rd8 39. fxe4
Qxe4 40. Re1 Qf4+ 41. Kg1 Qd4+ 42. Kh1 Qd7 43. Qxd7 Rxd7 44. Kg1 Rb7 45. Rb1
Rb5 46. Kf2 f5 47. Ke3 Kf7 48. Kd4 Ke6 49. Kc4 Rb8 50. Rd1 Rc8+ 51. Kb3 Rb8 52.
Rd2 f4 53. Rd4 g5 54. Rc4 Rf8 55. Rc6+ Kd7 56. Rh6 Rf7 57. Kc4 g4 58. Ra6 Rf5
59. Ra5 Rf6 60. Ra2 f3 61. gxf3 Rxf3 62. Ra7+ Kc6 63. Rxh7 Rf4+ 64. Kb3 Kb5 65.
Rh5+ Kb6 66. Ka4 Rf3 67. Rh6+ Kb7 68. Ka5 g3 69. Rh7+ Kc8 70. hxg3 Rxg3 71. Kb6
Ra3 72. Rh8+ Kd7 73. b5 Ra1 74. Kb7 Rb1 75. b6 Rb2 76. Rh4 Rd2 77. Rc4 Rd1 78.
Kb8 Rb1 79. Rc7+ Kd6 80. Ka7 Ra1+ 81. Kb7 Rb1 82. Rc3 Rd1 83. Kb8 Kd7 84. Ka7
Ra1+ 85. Kb7 Rd1 86. Ra3 Rd2 87. Ka7 Rb2 88. b7 1-0

[Event "10. Lichtenberger Sommer"]
[Site "Berlin"]
[Date "2011.08.18"]
[Round "6.43"]
[White "Witte, Ronald"]
[Black "Gremm, Albert Jürgen"]
[Result "1-0"]
[WhiteElo "2063"]
[BlackElo "1906"]
[PlyCount "73"]
[EventDate "2011.??.??"]
[WhiteTeam "BSV 63 Chemie Weißensee"]
[BlackTeam "SC Kreuzberg e.V."]

1. Nf3 Nc6 2. d4 d5 3. g3 Bg4 4. Bg2 e6 5. O-O Bd6 6. c4 Nf6 7. Nc3 a6 8. Qa4
O-O 9. Rd1 Bb4 10. Ne5 Bxc3 11. Nxc6 bxc6 12. f3 Qe7 13. fxg4 Bxd4+ 14. Rxd4
Qc5 15. e3 e5 16. b4 Qb6 17. Rd1 Nxg4 18. cxd5 cxd5 19. Rxd5 Rad8 20. Qd1 Rxd5
21. Qxd5 Qxb4 22. Bd2 Qe7 23. Qe4 Nf6 24. Qc4 Qd7 25. Bb4 Rb8 26. Rc1 Qa4 27.
Be7 Qd7 28. Bxf6 gxf6 29. Qxc7 Qxc7 30. Rxc7 Rb1+ 31. Bf1 Ra1 32. Rc2 a5 33.
Kf2 Kg7 34. Bc4 a4 35. Bd5 f5 36. Rc7 Rh1 37. Bxh1 1-0

[Event "10. Lichtenberger Sommer"]
[Site "Berlin"]
[Date "2011.08.18"]
[Round "6.44"]
[White "Weichlein, Paul"]
[Black "Lieder, Guenter"]
[Result "1-0"]
[WhiteElo "1973"]
[BlackElo "1847"]
[PlyCount "49"]
[EventDate "2011.??.??"]
[WhiteTeam "SAbt TSV Haunstetten"]
[BlackTeam "SK Turm Bad Hersfeld"]

1. d4 d5 2. c4 Nf6 3. cxd5 Nxd5 4. e4 Nb6 5. Nf3 Bg4 6. Be3 e6 7. Nc3 Be7 8.
Be2 N8d7 9. O-O O-O 10. h3 Bh5 11. Rc1 c6 12. Qc2 Bg6 13. Bd3 Nf6 14. Ne2 h6
15. Ne5 Bh7 16. f3 Bd6 17. a4 Bb8 18. b4 Nbd7 19. Qb2 Nxe5 20. dxe5 Nd7 21. f4
Qe7 22. Qc3 f6 23. exf6 Rxf6 24. e5 Rf8 25. Bxh7+ 1-0

[Event "10. Lichtenberger Sommer"]
[Site "Berlin"]
[Date "2011.08.18"]
[Round "6.45"]
[White "Wiemann, Lea"]
[Black "Dreke, Frank"]
[Result "0-1"]
[WhiteElo "1518"]
[BlackElo "2030"]
[PlyCount "40"]
[EventDate "2011.??.??"]
[WhiteTeam "Queer-Springer SSV Berlin"]
[BlackTeam "Treptower SV 1949 e.V."]

1. d4 d5 2. c4 e5 3. dxe5 d4 4. Nf3 Nc6 5. b3 Bf5 6. g3 Bb4+ 7. Nbd2 Bc3 8. Ba3
Bxa1 9. Qxa1 Qd7 10. Bg2 O-O-O 11. O-O f6 12. exf6 Nxf6 13. Rd1 Rhe8 14. Kf1
Bh3 15. b4 Rxe2 16. Nb3 Bxg2+ 17. Kxg2 Ne4 18. Nfxd4 Rxf2+ 19. Kg1 Qh3 20. Ne6
Qg2# 0-1

[Event "10. Lichtenberger Sommer"]
[Site "Berlin"]
[Date "2011.08.18"]
[Round "6.46"]
[White "Schmitt, Jens-Ole"]
[Black "Klyszcz, Michael"]
[Result "0-1"]
[WhiteElo "1557"]
[BlackElo "2064"]
[PlyCount "72"]
[EventDate "2011.??.??"]
[WhiteTeam "SG Narva Berlin e.V."]
[BlackTeam "SG 1871 Löberitz"]

1. e4 e5 2. Nf3 Nc6 3. Bb5 Nf6 4. O-O a6 5. Bxc6 dxc6 6. Nxe5 Be6 7. Re1 Bc5 8.
c3 Qe7 9. d4 O-O-O 10. Qa4 Bb6 11. b3 Ng4 12. Nf3 Rhe8 13. h3 Nh6 14. Bf4 f6
15. e5 Nf7 16. Nbd2 g5 17. exf6 Qxf6 18. Be5 Qg6 19. Nc4 g4 20. Nh4 Qh5 21.
Nxb6+ cxb6 22. Bg3 gxh3 23. Qb4 b5 24. Qa5 Rd7 25. Qb6 Qg4 26. Qa7 Kd8 27. Qb8+
Ke7 28. f3 Qg5 29. Rxe6+ Kxe6 30. Re1+ Kf6 31. Qxe8 Qxg3 32. Qe6+ Kg5 33. Qf5+
Kh6 34. Re6+ Kg7 35. Qf6+ Kf8 36. Nf5 Qxg2# 0-1

[Event "10. Lichtenberger Sommer"]
[Site "Berlin"]
[Date "2011.08.18"]
[Round "6.47"]
[White "Schwedek, Tony"]
[Black "Lerch, Philipp"]
[Result "0-1"]
[WhiteElo "1848"]
[BlackElo "2078"]
[PlyCount "84"]
[EventDate "2011.??.??"]
[WhiteTeam "SC Zitadelle Spandau 1977 e.V."]
[BlackTeam "SK König Tegel 1949 e.V."]

1. d4 Nf6 2. c4 g6 3. Nc3 Bg7 4. e4 d6 5. f3 O-O 6. Be3 Nc6 7. Qd2 a6 8. Nge2
Rb8 9. a4 e5 10. d5 Na5 11. Nc1 c5 12. N3a2 b6 13. b4 cxb4 14. Nxb4 Qc7 15. c5
dxc5 16. Nxa6 Bxa6 17. Bxa6 Ne8 18. Qc3 Nd6 19. Nb3 Nxb3 20. Qxb3 f5 21. O-O
fxe4 22. fxe4 Rxf1+ 23. Rxf1 Kh8 24. Qc2 h6 25. Ra1 Ra8 26. Be2 Kh7 27. Ra2 Qd8
28. Bf2 Bf6 29. a5 bxa5 30. Bxc5 Bg5 31. Qa4 Rc8 32. Qxa5 Qxa5 33. Rxa5 Rxc5
34. Ra7+ Kg8 35. Ra8+ Kf7 36. Bf3 Be3+ 37. Kf1 Rc2 38. Rd8 Bc5 39. Rd7+ Kf6 40.
Rh7 Nc4 41. Rb7 Ne3+ 42. Ke1 Bd4 0-1

[Event "10. Lichtenberger Sommer"]
[Site "Berlin"]
[Date "2011.08.18"]
[Round "6.48"]
[White "Mertens, Fridolin"]
[Black "Schreyer, Erik"]
[Result "0-1"]
[WhiteElo "1993"]
[BlackElo "1831"]
[PlyCount "56"]
[EventDate "2011.??.??"]
[WhiteTeam "SG 1871 Löberitz"]
[BlackTeam "Schachverein 1949 Herzogenrath"]

1. e4 d5 2. exd5 Qxd5 3. Nc3 Qa5 4. d4 Nf6 5. Bc4 Bg4 6. f3 Bf5 7. Nge2 e6 8.
O-O Nbd7 9. Ng3 Bg6 10. f4 O-O-O 11. Bd2 Qb6 12. Nce2 Ne4 13. Rf3 Nxg3 14. Rxg3
Bh5 15. Rb3 Bxe2 16. Qxe2 Qxd4+ 17. Be3 Qf6 18. Rxb7 Kxb7 19. Ba6+ Kc6 20. Qb5+
Kd6 21. Qb4+ c5 22. Bxc5+ Nxc5 23. Rd1+ Kc7 24. Qa5+ Kc6 25. Rxd8 Qxb2 26. Bf1
Qb6 27. Rc8+ Kb7 28. Ba6+ Nxa6+ 0-1

[Event "10. Lichtenberger Sommer"]
[Site "Berlin"]
[Date "2011.08.18"]
[Round "6.49"]
[White "Rosebrock, Timotej Alexander"]
[Black "Scholz, Ralf-Dieter"]
[Result "1-0"]
[WhiteElo "1934"]
[BlackElo "1896"]
[PlyCount "71"]
[EventDate "2011.??.??"]
[WhiteTeam "Basel SG"]
[BlackTeam "USV Potsdam e.V., Abt. Schach"]

1. e4 c5 2. Nc3 g6 3. f4 Bg7 4. Nf3 d6 5. g3 Nc6 6. Bg2 Bg4 7. h3 Bd7 8. d3 e6
9. O-O Nge7 10. Be3 Nd4 11. e5 Nef5 12. Bf2 Bc6 13. Ne4 Bxe4 14. dxe4 Nxf3+ 15.
Qxf3 Nd4 16. Bxd4 cxd4 17. exd6 Qxd6 18. e5 Qc5 19. Qxb7 O-O 20. Qc6 Rac8 21.
Qxc5 Rxc5 22. Be4 Rb8 23. Rab1 Ra5 24. a3 Bf8 25. Rfe1 Ra4 26. Kh1 a5 27. Bd3
Be7 28. Kg2 Kg7 29. Kf3 Rb6 30. Ke2 Rb8 31. Kd2 Bc5 32. Kc1 Rb6 33. Ra1 Rb8 34.
Ra2 Rb6 35. Kd2 Rb8 36. Rea1 1-0

[Event "10. Lichtenberger Sommer"]
[Site "Berlin"]
[Date "2011.08.18"]
[Round "6.50"]
[White "Frey, Matthias"]
[Black "Bergmann, Jens"]
[Result "1/2-1/2"]
[WhiteElo "1948"]
[BlackElo "1952"]
[PlyCount "44"]
[EventDate "2011.??.??"]
[WhiteTeam "Münsingen"]
[BlackTeam "SK Tempelhof 1931 e.V."]

1. e4 d5 2. exd5 Qxd5 3. Nc3 Qa5 4. Bc4 Nf6 5. d3 c6 6. Bd2 Qc7 7. Qe2 Bf5 8.
O-O-O e6 9. Nf3 Bg4 10. h3 Bxf3 11. Qxf3 Nbd7 12. Ne4 Nxe4 13. Qxe4 O-O-O 14.
Bc3 Nc5 15. Qe2 b5 16. Bb3 a5 17. Be5 Bd6 18. Bxd6 Qxd6 19. c3 Qf4+ 20. Kb1
Nxb3 21. axb3 Rd7 22. Qe4 Qxe4 1/2-1/2

[Event "10. Lichtenberger Sommer"]
[Site "Berlin"]
[Date "2011.08.18"]
[Round "6.54"]
[White "George, Tom"]
[Black "Kapp, Stefan"]
[Result "1-0"]
[WhiteElo "1839"]
[BlackElo "1991"]
[PlyCount "69"]
[EventDate "2011.??.??"]
[WhiteTeam "SG Blau-Weiß Stadtilm"]
[BlackTeam "TSV IFA Chemnitz"]

1. e4 e6 2. Nc3 c5 3. f4 d5 4. Nf3 Nf6 5. e5 Nfd7 6. b3 b6 7. Qe2 Ba6 8. Qf2
Bxf1 9. Qxf1 Nc6 10. a3 Be7 11. Bb2 O-O 12. Qe2 Rc8 13. O-O Qc7 14. Nb5 Qb8 15.
a4 a6 16. Nc3 Nd4 17. Qd1 Nxf3+ 18. Qxf3 c4 19. Ba3 Bxa3 20. Rxa3 Qc7 21. b4
Qc6 22. Ne2 Nb8 23. Nd4 Qc7 24. Qg4 Qe7 25. f5 f6 26. fxe6 b5 27. Nf5 Qa7+ 28.
Kh1 Rc7 29. e7 Rxe7 30. Nxe7+ Qxe7 31. exf6 Rxf6 32. Qc8+ Kf7 33. Rxf6+ gxf6
34. Re3 Qxb4 35. Qe8+ 1-0

[Event "10. Lichtenberger Sommer"]
[Site "Berlin"]
[Date "2011.08.18"]
[Round "6.55"]
[White "Schilly, Hans-Joachim"]
[Black "Schwarz, Oliver"]
[Result "0-1"]
[WhiteElo "1835"]
[BlackElo "1960"]
[PlyCount "68"]
[EventDate "2011.??.??"]
[WhiteTeam "SF Siemensstadt"]
[BlackTeam "SV Königsjäger Süd-West e.V."]

1. c4 e6 2. e4 d5 3. exd5 exd5 4. cxd5 Nf6 5. Nc3 Nxd5 6. Nf3 Be7 7. Bc4 Nb6 8.
Be2 Nc6 9. d4 Be6 10. O-O Bf6 11. Be3 O-O 12. Ne4 Nd5 13. Nxf6+ Nxf6 14. Ne5
Nb4 15. a3 Nbd5 16. Bg5 h6 17. Bh4 g5 18. Bg3 Bf5 19. h3 Ne4 20. Bh2 f6 21. Ng4
Kg7 22. Ne3 Bg6 23. Rc1 Nxe3 24. Rxc7+ Qxc7 25. fxe3 Qb6 26. Bf3 Qxb2 27. Bxe4
Bxe4 28. Qg4 Qc2 29. Bd6 Rf7 30. Qg3 Rc8 31. Rf2 Qc1+ 32. Kh2 Qc6 33. h4 Rd8
34. Bb4 Qc7 0-1

[Event "10. Lichtenberger Sommer"]
[Site "Berlin"]
[Date "2011.08.18"]
[Round "6.56"]
[White "Bruening, Wolfgang"]
[Black "Koerner, Helmut"]
[Result "1/2-1/2"]
[WhiteElo "1958"]
[BlackElo "1933"]
[PlyCount "72"]
[EventDate "2011.??.??"]
[WhiteTeam "Queer-Springer SSV Berlin"]
[BlackTeam "Sfr.Nord-Ost Berlin"]

1. d4 Nf6 2. Nf3 b5 3. e3 a6 4. a4 b4 5. c3 e6 6. Bd3 d5 7. O-O Bb7 8. cxb4
Bxb4 9. Qb3 a5 10. Bd2 Qe7 11. Nc3 Ba6 12. Bb5+ c6 13. Bxa6 Nxa6 14. Rac1 O-O
15. Ne5 c5 16. Nc6 Qd7 17. Ne5 Qe7 18. Qc2 c4 19. f3 Rac8 20. Be1 Nd7 21. Bg3
Nxe5 22. Bxe5 Bd6 23. Bxd6 Qxd6 24. Nb5 Qd7 25. Rce1 Nb4 26. Qd2 f5 27. Re2 Qe7
28. Qe1 Nd3 29. Qg3 Qb4 30. Qd6 Qxd6 31. Nxd6 Rb8 32. Nb5 Rbc8 33. Rd1 Rc6 34.
Rc2 Nb4 35. Re2 Nd3 36. Rc2 Nb4 1/2-1/2

[Event "10. Lichtenberger Sommer"]
[Site "Berlin"]
[Date "2011.08.18"]
[Round "6.57"]
[White "Grassi, Fabrizio"]
[Black "Koischwitz, Wanja"]
[Result "1/2-1/2"]
[WhiteElo "1960"]
[BlackElo "1813"]
[PlyCount "120"]
[EventDate "2011.??.??"]
[WhiteTeam "SV Berlin-Friedrichstadt"]
[BlackTeam "Queer-Springer SSV Berlin"]

1. d4 d5 2. Bf4 Nf6 3. e3 e6 4. Nd2 Be7 5. Bd3 b6 6. Qe2 c5 7. c3 Bd7 8. Ngf3
Nc6 9. Ne5 c4 10. Bc2 b5 11. a3 Qa5 12. O-O h5 13. Ndf3 Ng4 14. e4 Ngxe5 15.
Bxe5 O-O-O 16. h3 f6 17. Bh2 g5 18. Nd2 g4 19. h4 f5 20. exd5 exd5 21. Bg3 Rde8
22. Be5 Bxh4 23. g3 Bg5 24. f4 Nxe5 25. dxe5 Qb6+ 26. Kg2 Bd8 27. Rh1 d4 28.
cxd4 Bc6+ 29. Ne4 Qxd4 30. Rhe1 fxe4 31. Bxe4 Bxe4+ 32. Qxe4 Qxe4+ 33. Rxe4 Bb6
34. Rae1 Rd8 35. R4e2 h4 36. gxh4 Rxh4 37. Kg3 Rdh8 38. e6 Kd8 39. Rd1+ Ke8 40.
Rd7 Rh3+ 41. Kxg4 Re3 42. Rxe3 Bxe3 43. f5 Rg8+ 44. Kf3 Bc5 45. f6 Rg6 46. f7+
Kf8 47. Rd8+ Kg7 48. Rg8+ Kf6 49. f8=Q+ Bxf8 50. Rxf8+ Kxe6 51. Rb8 Rf6+ 52.
Ke4 a6 53. Rb6+ Kf7 54. Rxf6+ Kxf6 55. Kd4 Ke6 56. Kc5 Kd7 57. Kb6 Kd6 58. Kxa6
Kc6 59. Ka5 Kc5 60. Ka6 b4 1/2-1/2

[Event "10. Lichtenberger Sommer"]
[Site "Berlin"]
[Date "2011.08.18"]
[Round "6.58"]
[White "Lange, Rudolf"]
[Black "Reiche, Andreas"]
[Result "1/2-1/2"]
[WhiteElo "1830"]
[BlackElo "1848"]
[PlyCount "164"]
[EventDate "2011.??.??"]
[WhiteTeam "SG Narva Berlin e.V."]
[BlackTeam "SV Berolina Mitte e.V."]

1. e4 e5 2. Nf3 Nc6 3. d4 exd4 4. Nxd4 d6 5. Bb5 Bd7 6. c4 Ne5 7. Bxd7+ Qxd7 8.
Qe2 g6 9. Nc3 Bg7 10. Be3 Ng4 11. O-O Nxe3 12. Qxe3 Nf6 13. e5 Ng4 14. e6 fxe6
15. Qxe6+ Kd8 16. Rad1 Re8 17. Qxd7+ Kxd7 18. c5 Re5 19. cxd6 c6 20. h3 Nh6 21.
Rd3 Rae8 22. g4 Re1 23. Rxe1 Rxe1+ 24. Kg2 Nf7 25. f4 Rc1 26. Nce2 Rc4 27. b3
Rc5 28. Kf3 Rd5 29. Ke3 Nxd6 30. Nf3 Rxd3+ 31. Kxd3 b6 32. Ng5 h6 33. Ne4 Ke6
34. Nxd6 Kxd6 35. Ke4 Ke6 36. Ng3 Bf6 37. f5+ gxf5+ 38. Nxf5 Bg5 39. Nd4+ Kd6
40. Kf5 Kd5 41. Ne6 Bd2 42. h4 Be1 43. g5 hxg5 44. hxg5 Bc3 45. Nf4+ Kd6 46. g6
a5 47. Nd3 b5 48. Nf2 Bd4 49. Ne4+ Ke7 50. Ng5 c5 51. Ne6 Bf2 52. Ke5 c4 53.
bxc4 bxc4 54. Nd4 c3 55. Nc6+ Kf8 56. Nxa5 Kg7 57. Ke4 c2 58. Nb3 Kxg6 59. Kd3
Kf7 60. Kxc2 Ke8 61. Kd3 Kd7 62. Kc4 Kc6 63. Nd2 Bg1 64. Nf3 Bf2 65. Ne5+ Kb6
66. Nd3 Bg1 67. Nb4 Ka5 68. Kb3 Bf2 69. Nd3 Bg1 70. Nb2 Bf2 71. Nc4+ Kb5 72.
a4+ Ka6 73. Kb4 Be1+ 74. Kc5 Bc3 75. Kc6 Bd4 76. Kd5 Bc3 77. Kc5 Be1 78. Kd6
Bf2 79. Kc7 Be1 80. Nb2 Ka5 81. Nd3 Bg3+ 82. Kc6 Kxa4 1/2-1/2

[Event "10. Lichtenberger Sommer"]
[Site "Berlin"]
[Date "2011.08.18"]
[Round "6.60"]
[White "Kabitzke, Julian"]
[Black "Schrodt, Horst"]
[Result "1-0"]
[WhiteElo "1852"]
[BlackElo "1709"]
[PlyCount "55"]
[EventDate "2011.??.??"]
[WhiteTeam "USG Chemnitz"]
[BlackTeam "SC Eintracht Berlin e.V."]

1. e4 c6 2. d4 d5 3. e5 Bf5 4. Nc3 e6 5. g4 Bg6 6. Nge2 c5 7. h4 h6 8. Be3 cxd4
9. Nxd4 a6 10. f4 Ne7 11. h5 Bh7 12. f5 exf5 13. g5 hxg5 14. Bxg5 Qc7 15. Qe2
Nbc6 16. O-O-O Nxd4 17. Rxd4 Rc8 18. Bg2 b5 19. e6 f6 20. Bf4 Qb6 21. Rhd1 Rc4
22. Nxd5 Nxd5 23. Rxd5 Be7 24. h6 g6 25. Bd6 Rc8 26. Bxe7 Kxe7 27. Rd7+ Ke8 28.
e7 1-0

[Event "10. Lichtenberger Sommer"]
[Site "Berlin"]
[Date "2011.08.18"]
[Round "6.62"]
[White "Schmidek, Emil"]
[Black "Bandlow, Reinhard"]
[Result "1/2-1/2"]
[WhiteElo "1732"]
[BlackElo "2018"]
[PlyCount "156"]
[EventDate "2011.??.??"]
[WhiteTeam "TuS Makkabi Berlin e.V."]
[BlackTeam "SV Bau-Union e.V."]

1. e4 c6 2. Nf3 g6 3. d4 Bg7 4. c3 d6 5. Bc4 d5 6. exd5 cxd5 7. Bb3 Nh6 8. Bf4
O-O 9. O-O Nc6 10. Na3 a6 11. Nc2 Nf5 12. Nce1 b5 13. Nd3 e6 14. Qd2 Na5 15.
Nc5 Nc4 16. Bxc4 dxc4 17. Rfd1 Qd5 18. a4 Bb7 19. Nxb7 Qxb7 20. Be5 f6 21. Bf4
Rad8 22. Qe2 Rfe8 23. Bg3 Kf7 24. Rab1 Qc6 25. axb5 axb5 26. Ra1 Rd7 27. Ra5
Ra8 28. Rda1 Rxa5 29. Rxa5 Qb6 30. Ra1 Ne7 31. Nd2 Ra7 32. Qd1 Nf5 33. Ne4 Bf8
34. Bf4 h5 35. h3 Be7 36. Qb1 Ra4 37. Rxa4 bxa4 38. Qc2 Qc6 39. Ng3 Ng7 40. Nf1
h4 41. Ne3 Nh5 42. Bh2 Qb5 43. Qe2 a3 44. bxa3 Bxa3 45. Qxc4 Qb1+ 46. Nf1 Qc1
47. Qc7+ Kg8 48. Qc8+ Kh7 49. Qxe6 Qxc3 50. Qe4 Bb2 51. d5 Qc5 52. d6 Bd4 53.
Qe2 Be5 54. Bxe5 fxe5 55. d7 Qe7 56. Qd3 Qd8 57. Qd6 Nf6 58. Ne3 Kg7 59. Ng4
Nxg4 60. hxg4 Kf7 61. Qd5+ Kf6 62. Qc6+ Kf7 63. Qc8 Ke7 64. g5 Qxd7 65. Qxd7+
Kxd7 66. Kh2 Ke6 67. Kh3 Kf5 68. Kxh4 Kf4 69. f3 e4 70. fxe4 Kxe4 71. g3 Kf5
72. Kh3 Kxg5 73. g4 Kf6 74. Kh4 Kf7 75. Kg5 Kg7 76. Kf4 Kf6 77. g5+ Ke6 78. Ke4
Kd6 1/2-1/2

[Event "10. Lichtenberger Sommer"]
[Site "Berlin"]
[Date "2011.08.18"]
[Round "6.63"]
[White "Lasschuit, Rene"]
[Black "Oppermann, Peter"]
[Result "0-1"]
[WhiteElo "1862"]
[BlackElo "2000"]
[PlyCount "92"]
[EventDate "2011.??.??"]
[WhiteTeam "vereinslos"]
[BlackTeam "SK Tempelhof 1931 e.V."]

1. d4 Nf6 2. Nf3 d5 3. e3 Bf5 4. Bd3 Bxd3 5. Qxd3 c6 6. O-O e6 7. Nbd2 Nbd7 8.
e4 dxe4 9. Nxe4 Nxe4 10. Qxe4 Be7 11. Re1 O-O 12. c4 Rc8 13. Bf4 Re8 14. Rad1
Qa5 15. a3 Nf6 16. Qd3 b5 17. Ne5 bxc4 18. Nxc4 Qb5 19. Bd6 Rcd8 20. Bxe7 Rxe7
21. Ne5 Rc7 22. Qc3 Rd5 23. Nd3 Nd7 24. Nc5 Nxc5 25. dxc5 Rcd7 26. Rxd5 Rxd5
27. b4 Qd3 28. Qxd3 Rxd3 29. Ra1 f6 30. Kf1 Kf7 31. Ke2 Rd7 32. Ra2 e5 33. Rc2
a6 34. Rc3 Ke6 35. h4 g6 36. g3 h5 37. Ke3 f5 38. Ke2 Rd4 39. Ke3 Kd5 40. f3 e4
41. fxe4+ fxe4 42. Ke2 Rc4 43. Rb3 Rc2+ 44. Ke3 Rg2 45. Kf4 Rf2+ 46. Ke3 Rf3+
0-1

[Event "10. Lichtenberger Sommer"]
[Site "Berlin"]
[Date "2011.08.18"]
[Round "6.64"]
[White "Horbach, Fabian"]
[Black "Bandsom, Olaf"]
[Result "1-0"]
[WhiteElo "2022"]
[BlackElo "1778"]
[PlyCount "105"]
[EventDate "2011.??.??"]
[WhiteTeam "Schachverein 1949 Herzogenrath"]
[BlackTeam "SC Friesen Lichtenberg e.V."]

1. d4 d5 2. Nf3 e6 3. e3 Nf6 4. Bd3 Be7 5. Nbd2 c5 6. c3 Nc6 7. O-O Qc7 8. Qe2
O-O 9. dxc5 Bxc5 10. e4 Ne5 11. Nxe5 Qxe5 12. Nf3 Qh5 13. e5 Nd7 14. Re1 f6 15.
Be3 Bxe3 16. Qxe3 Nxe5 17. Nxe5 fxe5 18. Qxe5 Qxe5 19. Rxe5 Bd7 20. c4 dxc4 21.
Bxc4 Rac8 22. Bb3 Rf6 23. Rd1 Rc7 24. g3 Kf8 25. f4 h6 26. Rde1 b6 27. h4 Rf5
28. Kf2 Rxe5 29. Rxe5 Ke7 30. Kf3 Kf6 31. g4 Rc1 32. g5+ hxg5 33. hxg5+ Kf7 34.
f5 Ke7 35. Bxe6 Bxe6 36. Rxe6+ Kf7 37. g6+ Kf8 38. b3 Rf1+ 39. Kg4 Rg1+ 40. Kf4
Rf1+ 41. Ke4 Rf2 42. a4 Rb2 43. Rc6 Re2+ 44. Kd5 Rf2 45. Rc8+ Ke7 46. Rc7+ Kf8
47. Rf7+ Ke8 48. Rxg7 Rxf5+ 49. Ke6 Kf8 50. Rf7+ Rxf7 51. gxf7 a6 52. b4 b5 53.
a5 1-0

[Event "10. Lichtenberger Sommer"]
[Site "Berlin"]
[Date "2011.08.18"]
[Round "6.65"]
[White "Kuschfeldt, Karsten"]
[Black "Axmann, Steffen"]
[Result "0-1"]
[WhiteElo "1554"]
[BlackElo "1893"]
[PlyCount "60"]
[EventDate "2011.??.??"]
[WhiteTeam "SV Königsjäger Süd-West e.V."]
[BlackTeam "Sfr.Nord-Ost Berlin"]

1. e4 Nf6 2. Nc3 d5 3. exd5 Nxd5 4. Bc4 c6 5. d4 Bf5 6. Nxd5 cxd5 7. Bb3 e6 8.
Nf3 Bd6 9. O-O O-O 10. h3 Nd7 11. Bg5 Qc7 12. Qe2 h6 13. Be3 Nf6 14. c4 dxc4
15. Qxc4 Qe7 16. Rac1 Nd5 17. Qb5 Be4 18. Nd2 Nxe3 19. fxe3 Bc6 20. Qh5 Rad8
21. Nc4 Bb8 22. Ne5 Be8 23. Qg4 Bxe5 24. dxe5 Rd2 25. Rc2 Rxc2 26. Bxc2 Bc6 27.
Rf6 Kh8 28. Rg6 fxg6 29. Qxg6 Rf5 30. g4 Be8 0-1

[Event "10. Lichtenberger Sommer"]
[Site "Berlin"]
[Date "2011.08.18"]
[Round "6.66"]
[White "Schubert, Joachim"]
[Black "Boeck, Ruediger"]
[Result "0-1"]
[WhiteElo "1826"]
[BlackElo "1830"]
[PlyCount "122"]
[EventDate "2011.??.??"]
[WhiteTeam "SC Friesen Lichtenberg e.V."]
[BlackTeam "SC Weisse Dame Ulm e.V."]

1. e4 e5 2. Nf3 Nc6 3. Bb5 a6 4. Ba4 Nf6 5. O-O b5 6. Bb3 h6 7. Re1 Bc5 8. c3
O-O 9. d4 exd4 10. cxd4 Bb4 11. Bd2 Bxd2 12. Nbxd2 d6 13. Rc1 Ne7 14. Nf1 Bg4
15. Re3 Kh8 16. h3 Bh5 17. Ng3 Bg6 18. Qe1 c6 19. e5 Nfd5 20. Re2 Nf4 21. Re3
Nd3 22. Qd2 Nxc1 23. Qxc1 Nf5 24. Rc3 Nxg3 25. fxg3 Be4 26. Nd2 Bd5 27. Bc2
dxe5 28. dxe5 f6 29. e6 Qb6+ 30. Kh2 Bxe6 31. Nf3 c5 32. Nh4 Bf7 33. Qe3 f5 34.
Bxf5 Rfe8 35. Qf2 Qf6 36. Rf3 Bd5 37. Be4 Qc6 38. Ng6+ Kg8 39. Rf7 Bxe4 40.
Ne7+ Rxe7 41. Rxe7 Rf8 42. Qe3 Bg6 43. Re6 Re8 44. Rxc6 Rxe3 45. Rxg6 Re2 46.
Rxa6 Rxb2 47. Rc6 c4 48. Rc5 Kf7 49. a4 bxa4 50. Rxc4 a3 51. Rc7+ Kf6 52. h4 a2
53. Ra7 Ke5 54. g4 g5 55. Kh3 gxh4 56. Kxh4 Rxg2 57. Kh5 Rh2+ 58. Kg6 Kd4 59.
g5 hxg5 60. Kxg5 Kc3 61. Kf4 Kb2 0-1

[Event "10. Lichtenberger Sommer"]
[Site "Berlin"]
[Date "2011.08.18"]
[Round "6.67"]
[White "Mayer, Herbert"]
[Black "Bolshakov, Konstantin"]
[Result "1-0"]
[WhiteElo "1948"]
[BlackElo "1618"]
[PlyCount "43"]
[EventDate "2011.??.??"]
[WhiteTeam "SC Rochade e.V."]
[BlackTeam "SG 1871 Löberitz"]

1. c4 c5 2. Nc3 Nf6 3. g3 e6 4. Bg2 d5 5. cxd5 exd5 6. d4 cxd4 7. Qxd4 Nc6 8.
Qd1 d4 9. Ne4 Bf5 10. Nxf6+ Qxf6 11. a3 Bc5 12. Nf3 O-O 13. Bg5 Qg6 14. O-O h6
15. Bf4 Rfe8 16. Nh4 Qe6 17. Nxf5 Qxf5 18. Rc1 Rac8 19. Qc2 Qxc2 20. Rxc2 Bb6
21. Rd1 Bc7 22. Bh3 1-0

[Event "10. Lichtenberger Sommer"]
[Site "Berlin"]
[Date "2011.08.18"]
[Round "6.68"]
[White "Gress, Alexander"]
[Black "Hülse, Max"]
[Result "1-0"]
[WhiteElo "2061"]
[BlackElo "1445"]
[PlyCount "77"]
[EventDate "2011.??.??"]
[WhiteTeam "SC Caissa Schwarzenbach"]
[BlackTeam "Forster Schachclub 95"]

1. e4 d5 2. exd5 Qxd5 3. Nc3 Qa5 4. d4 c6 5. Bc4 Bf5 6. Bd2 Qc7 7. Qe2 Nf6 8.
O-O-O Nbd7 9. h3 h5 10. Nf3 e6 11. Ng5 Be7 12. f3 Nd5 13. Nxd5 cxd5 14. Bd3
Bxd3 15. Qxd3 Qc4 16. Qxc4 dxc4 17. Rhe1 Rf8 18. d5 e5 19. Ne4 Nf6 20. d6 Bd8
21. Bc3 Nd7 22. Nd2 f6 23. f4 Kf7 24. fxe5 fxe5 25. Nxc4 Bf6 26. Nxe5+ Bxe5 27.
Bxe5 Nxe5 28. Rxe5 g6 29. Rf1+ Kg8 30. Rxf8+ Kxf8 31. c4 Rd8 32. c5 Rd7 33. b4
Kf7 34. Kd2 b6 35. Kd3 Kf6 36. Kd4 bxc5+ 37. bxc5 Rb7 38. Re2 Rb4+ 39. Kd5 1-0